000 00384nam a22001457a 4500
020 _qPB.
040 _cFIZZA ISHAQ
082 _a347.30772
_bTHO
100 _aMAUET,A THOMAS.
_9132207
245 _aFUNDAMENTALS OF TRIAL TECHNIQUES /
_cTHOMAS A. MAUET.
250 _a3RD ED.
260 _aLONDON;
_bLITTLE BROWN AND COMPANY,
_c1992.
300 _a451 P. ;
_c10X7IN
942 _2ddc
_cBK
999 _c615467
_d615467